000
00299nam a22001217a 4500
999
_c
534272
_d
534272
040
_c
MSOHAIL
082
_a
815.49122
100
_a
Mustansar Hussain Tarar
_9
9703
245
_a
Safar Shumal Kay / سفر شمال کے
260
_a
Lahore
_b
Sang-e-Meel
_c
c2007
300
_a
237;p
942
_2
ddc
_c
BK